000 00963nam a2200289 i 4500
001 12787
003 ES-MaACL
005 20230906150411.0
007 t|
008 960723s1996 sp ||||0| spa j
020 _a84-88081-09-X
040 _aM-BN
_bspa
_cM-BN
080 _a804.99(091)
080 _a801:316(460.31)
080 _a316(460.31):801
100 1 _aMourelle de Lema, Manuel.
_983896
245 1 3 _aLa identidad etnolingüística de Valencia
_b: desde la antigüedad hasta el siglo XIV /
_cManuel Mourelle de Lema.
250 _a2ª ed. rev.
260 _aMadrid :
_bGrugalma,
_c1996.
300 _a590 p. :
_bil. ;
_c24 cm.
490 1 _aAula abierta ;
_v7
650 4 _aLengua catalana-
_zComunidad Valenciana-
_vHistoria.
_914328
650 1 4 _aLenguaje y cultura-
_zValencia (Reino)
_914349
830 0 _aAula abierta ;
_v7
_9177379
852 _aES-MaACL
_jL-20006
_bR.125818
_q. - Ded. autógr. del autor
999 _c12787
_d12787